000 00274nam a22001097a 4500
008 170111b xxu||||| |||| 00| 0 eng d
020 _a039754121XS
041 _aeng
080 _a618.2
245 _aNURSING MANAGEMENT OF THE PATIENT WITH PAIN
_cMCCAFFERY, M
942 _2udc
_cBK
999 _c2722
_d2722